Online
Catalog

Colección de módulos : (Record no. 6281)

MARC details
000 -CABECERA
campo de control de longitud fija 01530nam a2200265 a 4500
001 - NÚMERO DE CONTROL
campo de control 000006490
005 - FECHA Y HORA DE LA ÚLTIMA TRANSACCIÓN
campo de control 20250407130756.0
008 - DATOS DE LONGITUD FIJA--INFORMACIÓN GENERAL
campo de control de longitud fija 090831s1999 dr abc 001 0 spa d
020 ## - NÚMERO INTERNACIONAL ESTÁNDAR DEL LIBRO
Número Internacional Estándar del Libro 8484003094
040 ## - FUENTE DE LA CATALOGACIÓN
Centro catalogador/agencia de origen DO-SdBNP
Lengua de catalogación spa
Centro/agencia transcriptor BNPHU
082 ## - NÚMERO DE LA CLASIFICACIÓN DECIMAL DEWEY
Número de clasificación 333.72
Número de documento/Ítem C691m
245 00 - MENCIÓN DE TÍTULO
Título Colección de módulos :
Resto del título educación ambiental costero marina /
Mención de responsabilidad, etc. editora Mónica B. Vega ; prólogo Francisco Gerales.
260 ## - PUBLICACIÓN, DISTRIBUCIÓN, ETC.
Lugar de publicación, distribución, etc. Santo Domingo :
Nombre del editor, distribuidor, etc. Mamma,
Fecha de publicación, distribución, etc. 1999.
300 ## - DESCRIPCIÓN FÍSICA
Extensión 191 p. :
Otras características físicas il. , gráf. , map ;
Dimensiones 27 cm.
505 0# - NOTA DE CONTENIDO CON FORMATO
Nota de contenido con formato Medio ambiente y ser humano / Angela Hernández y Mónica B. Vega -- El Parque Nacional Submarino La Caleta y su fauna y flora / Mónica B. Vega -- Contaminación ambiental y el parque nacional submarino La Caleta / Faustina Valera -- Areas protegidas (parques nacionales y reservas científicas) / Bienvenido Marchena -- Los arrecifes de Coral / Mónica B. Vega -- Turismo y medio ambiente. Un gran desafío / Noris Pimentel -- La pesca y el buceo / Mónica B. Vega -- Las comunidades prehispánicas en la Isla de Santo Domingo. La Caleta y areas periféricas / Domingo Abréu.
590 ## - NOTA LOCAL (RLIN)
Nota local Inventariado, 2018/LP
650 #4 - PUNTO DE ACCESO ADICIONAL DE MATERIA--TÉRMINO DE MATERIA
Término de materia o nombre geográfico como elemento de entrada Educación ambiental
Subdivisión geográfica República Dominicana
9 (RLIN) 10804
650 #4 - PUNTO DE ACCESO ADICIONAL DE MATERIA--TÉRMINO DE MATERIA
Término de materia o nombre geográfico como elemento de entrada Medio ambiente marino
9 (RLIN) 17981
650 #0 - PUNTO DE ACCESO ADICIONAL DE MATERIA--TÉRMINO DE MATERIA
Término de materia o nombre geográfico como elemento de entrada Áreas protegidas
9 (RLIN) 7050
650 #4 - PUNTO DE ACCESO ADICIONAL DE MATERIA--TÉRMINO DE MATERIA
Término de materia o nombre geográfico como elemento de entrada Hombres
Subdivisión general Influencia del medio ambiente
9 (RLIN) 17982
650 #4 - PUNTO DE ACCESO ADICIONAL DE MATERIA--TÉRMINO DE MATERIA
Término de materia o nombre geográfico como elemento de entrada Contaminación del aire
9 (RLIN) 17983
700 12 - PUNTO DE ACCESO ADICIONAL--NOMBRE DE PERSONA
Nombre de persona Vega, Mónica B.,
Término indicativo de función/relación ed.
9 (RLIN) 17984
700 0# - PUNTO DE ACCESO ADICIONAL--NOMBRE DE PERSONA
Nombre de persona Geraldes, Francisco,
Término indicativo de función/relación pról.
9 (RLIN) 17985
910 ## - DATOS DE OPCIÓN DEL USUARIO (OCLC)
Datos de opción del usuario Validado. Control de calidad. MFF
Holdings
Estado de retiro Estado de pérdida Restricciones de uso No para préstamo Código de colección Localización permanente Ubicación/localización actual Ubicación en estantería Fecha de adquisición Número de inventario Total de préstamos Signatura topográfica completa Código de barras Fecha visto por última vez Número de copia Precio válido a partir de Tipo de ítem Koha
        Dominicana de Servicio General General Depósito 31.08.2009 LF1   333.72 C691m 6490-30 25.06.2020 e. 3 25.06.2020 Libro y Folleto Colección Dominicana de Servicio
      Excluido de préstamo Patrimonio Dominicano Patrimonio Dominicano Patrimonio Dominicano Depósito 31.08.2009 LF1   333.72 C691m 6490-10 25.06.2020 e. 2 25.06.2020 Libro y Folleto Colección Patrimonio Dominicano
      Excluido de préstamo Patrimonio Dominicano Patrimonio Dominicano Patrimonio Dominicano Depósito 31.08.2009 LF1   333.72 C691m 6490-20 25.06.2020 e. 2 25.06.2020 Libro y Folleto Colección Patrimonio Dominicano

Powered by Koha